000
00304nam a22001337a 4500
003
SGT
020
_a
81-7179-810-1
082
_a
616.024
_b
A01B
100
_a
BHUTANI, MANOOP S.
245
_a
ADVANCE IN GASTROINTESTINAL ENDOSCOPY
260
_a
INDIA
_b
JAYPEE
_c
2001
300
_a
678
942
_2
ddc
_c
BK
999
_c
15152
_d
15152